Tiki Taka Toe #2 - Football Européen - Statistiques

Statistiques générales
  • Ce quiz a été pris 9 075 fois
  • Le résultat moyen est 5 sur 9
Statistiques - réponses
Catégorie 1 Catégorie 2 # Joueurs Correct % Correct
Porto Real Madrid 10 Alberto Bueno | Ricardo Carvalho | Casemiro | Iker Casillas | Danilo | Juan Esnáider | Éder Militão | Pepe | James Rodríguez | Carlos Secretário
90%
Porto Vainqueurs Euro 10 Giourkas Seitaridis | Iker Casillas | Bruno Alves | Ricardo Carvalho | Danilo Pereira | João Moutinho | Pepe | Ricardo Quaresma | Vieirinha | Jorginho
70%
Arsenal Real Madrid 9 Emmanuel Adebayor | Nicolas Anelka | José Antonio Reyes | Júlio Baptista | Dani Ceballos | Lassana Diarra | Mesut Özil | Martin Ødegaard | Davor Šuker
64%
Pays-Bas Real Madrid 8 John Metgod | Clarence Seedorf | Ruud van Nistelrooy | Wesley Sneijder | Arjen Robben | Royston Drenthe | Rafael van der Vaart | Klaas-Jan Huntelaar
60%
Arsenal Vainqueurs Euro 13 John Jensen | Nicolas Anelka | Thierry Henry | Emmanuel Petit | Robert Pirès | Patrick Vieira | Sylvain Wiltord | Santi Cazorla | Cesc Fàbregas | Cédric Soares | Jorginho | David Raya | Mikel Merino
59%
Pays-Bas Juventus 7 Edgar Davids | Edwin van der Sar | Eljero Elia | Matthijs de Ligt | Mohamed Ihattaren | Dean Huijsen | Teun Koopmeiners
57%
Pays-Bas Vainqueurs Euro 20 Hans van Breukelen | Joop Hiele | Adrie van Tiggelen | Sjaak Troost | Ronald Koeman | Berry van Aerle | Wim Koevermans | Frank Rijkaard | Wilbert Suvrijn | Aron Winter | Gerald Vanenburg | Arnold Mühren | Ruud Gullit | Erwin Koeman | Jan Wouters | John Bosman | John van 't Schip | Marco van Basten | Wim Kieft | Hendrie Krüzen
52%
Arsenal Juventus 15 Wojciech Szczesny | Stephan Lichtsteiner | Nicklas Bendtner | Patrick Vieira | Nicolas Anelka | Armand Traoré | Alex Manninger | Stephy Mavididi | David Platt | Thierry Henry | Liam Brady | Aaron Ramsey | Lina Hurtig | Pauline Peyraud-Magnin | Neto
40%
Porto Juventus 9 Jorge Andrade | Rui Barros | Danilo | Diego | Juan Esnáider | Dani Osvaldo | Alex Sandro | Francisco Conceição | Tiago Djaló
29%
Aucun quiz correspondant
Distribution des résultats
% des personnes avec chaque résultat
Percentile par nombre de réponses
Votre historique - résultats
Vous n’avez pas pris ce quiz